00657nam a22001697a 4500003000900000008004100009040007100050082001900121110004600140245010100186260003700287300003000324505008000354650001700434650001300451650002300464AR-CdUCM190308b ||||| |||| 00| 0 spa d aMUNICIPALIDAD PROVINCIAL DEL CUSCOcBIBLIOTECA MUNICIPAL DEL CUSCO a709.033 /bV42 aIII Encuentro Internacional sobre Barroco aManierismo y Transición al Barroco : bMemoria del III encuentro Internacional sobre Barroco / aBolivia :bUnion Latina ,c2007. a384 páginas ;c28.5 cm. aContenido : El arte barroco en general (pintura, musica, escultura, etc)... aArte Barroco aArte XIX aCongreso Artistico